000 01395pam a2200385 a 4500
001 12486
003 OSt
005 20260408105444.0
008 970509s1998 enka b 001 0 eng
010 _a 97014926
020 _a0415145988
020 _a9780415145985
035 _a3542487
040 _aDLC
_cDLC
_dDLC
050 0 0 _aPE1442
_b.G63 1998
082 0 0 _a659.1014 GOD
_221
100 1 _aGoddard, Angela,
_d1954-
245 1 4 _aThe language of advertising :
_bwritten texts /
_cAngela Goddard.
260 _aLondon ;
_aNew York :
_bRoutledge,
_c1998.
300 _aix, 134 p. :
_bill. ;
_c25 cm.
336 _atext
_btxt
_2rdacontent
337 _aunmediated
_bn
_2rdamedia
338 _avolume
_bnc
_2rdacarrier
490 1 _aIntertext
504 _aIncludes bibliographical references (p. 127-128) and index.
650 0 _aEnglish language
_xDiscourse analysis.
650 0 _aEnglish language
_xWritten English.
650 0 _aAdvertising
_xLanguage.
830 0 _aIntertext (London, England)
856 4 2 _3Contributor biographical information
_uhttp://www.loc.gov/catdir/enhancements/fy1105/97014926-b.html
906 _a7
_bcbc
_corignew
_d1
_eocip
_f19
_gy-gencatlg
942 _2ddc
_cBK
_n0
999 _c10609
_d10609